| 000 | 00824nam a22002417a 4500 | ||
|---|---|---|---|
| 005 | 20110908142812.0 | ||
| 008 | 110908t xxu||||| |||| 00| 0 eng d | ||
| 010 | _aENG-103660 | ||
| 020 |
_a9789350012666 _c110.00 |
||
| 035 | _aEN-87193 | ||
| 037 | _bDBAD/PUB | ||
| 040 |
_aDPL _bEng |
||
| 082 | _a372.34044 | ||
| 100 |
_934630 _aJeevanantham, V. |
||
| 245 |
_aFundamental methods of teaching in computer science / _cby V. Jeevanantham |
||
| 260 |
_aPerambalur _bMercury Printers & Publishers _c2010 |
||
| 270 |
_aPerambalur _e621212 |
||
| 300 |
_a73p. _c22cm (pbk) |
||
| 650 | _934631 | ||
| 700 | _934646 | ||
| 942 |
_2ddc _cEN _h372.34044 _mJEE |
||
| 999 |
_c56533 _d56533 |
||